| 000 | 00628nam a2200241 a 4500 | ||
|---|---|---|---|
| 999 |
_c543 _d543 |
||
| 001 | 543 | ||
| 003 | BD-JhCC | ||
| 005 | 20171012173806.0 | ||
| 008 | 171007s1964 as |||| ||a| 001 0 eng d | ||
| 035 | _a(BD-JhCC) 543 | ||
| 040 |
_aBD-JhCC _dBD-JhCC |
||
| 041 | _aeng | ||
| 082 |
_a421.5 _bHAL 1964 |
||
| 100 | _aHall, Eugene J. | ||
| 245 |
_aTeachers Manual and key / _cEugene J. Hall |
||
| 260 |
_aWashington, D.C : _bThe Macmillan Company, New York. _c1964 |
||
| 300 | _a147 p.: | ||
| 504 | _aIncludes Bibliograph | ||
| 650 | _aEnglish Language | ||
| 651 | _aAmerica | ||
| 942 |
_2ddc _cBK |
||